Statistiques concernant Consoles sur les-quelles sont sortie des Mario

Cliquez ici pour prendre le quiz!

Statistiques générales

  • Ce quiz a été pris 54 fois
    (17 depuis la dernière actualisation)
  • Le résultat moyen est 11 sur 16

Statistiques - réponses

Nom% Correct
Nintendo DS
100%
Nintendo Switch
100%
Game Cube
93%
Nintendo 3DS
93%
Nintendo 64
93%
Wii
93%
Wii U
93%
Nintendo Entertainment System
87%
Game Boy
80%
Super Nintendo
80%
Game Boy Advance
67%
Game Boy Color
53%
Game & Watch
33%
Philips CD-i
27%
Virtual Boy
27%
Nintendo DSi
7%

Distribution des résultats

Percentile par nombre de réponses

% des personnes avec chaque résultat

Votre développement - résultats

Vous n’avez pas pris ce quiz depuis la dernière actualisation